000 00893nam a2200301Ia 4500
001 7768
003 IT-RoPAU
008 130308s9999 xx 000 0 und d
040 _aIT-RoPAU
040 _cIT-RoPAU
041 _aFRANCESE
100 _aTchistiacov N.I.
100 _gCodice Aut. SPICS: 11151
245 _aDu premier Spoutnik a l'universalisation des communications par satellites
245 _bInformation a l'ere spatiale (L')
250 _a1a ed.
260 _aPARIS
260 _bUnesco
260 _c1968 [1° Ed.:1968 - Ed.Ling.Originale:1968]
300 _a"11 p. (prefazione: no ; testo: 11 [pagine: 153-163])"
500 _aDal Primo Spoutnik All'Universalizzazione delle comunicazioni via Satellite
650 _aSAGGI DI COMUNICAZIONE SOCIALE
650 _eCodice materia Spics: 3807
942 _cBK
957 _71
999 _c44891
_d44891
999 _bSI
999 _g1